ბათუმის შოთა რუსთაველის სახელმწიფო უნივერსიტეტის ბიბლიოთეკა

Высшая математика для начинающих и ее приложения к физике. (ბიბ.ჩანაწერი № 38992)

000 -LEADER
fixed length control field 00707nam a2200205Ia 4500
001 - CONTROL NUMBER
control field 5464
003 - CONTROL NUMBER IDENTIFIER
control field GE_BSU
008 - FIXED-LENGTH DATA ELEMENTS--GENERAL INFORMATION
fixed length control field 181216s||||||||xx |||||||||||||| ||und||
040 ## - CATALOGING SOURCE
Transcribing agency GE_BSU
080 ## - UNIVERSAL DECIMAL CLASSIFICATION NUMBER
Universal Decimal Classification number 517
100 ## - MAIN ENTRY--PERSONAL NAME
Personal name Зельдович Я.Б.
245 ## - TITLE STATEMENT
Title Высшая математика для начинающих и ее приложения к физике.
245 ## - TITLE STATEMENT
Statement of responsibility, etc. Ред. С.Б. Норкин. Гл. ред. физ.-мат. лит-ры.
250 ## - EDITION STATEMENT
Edition statement Изд. 3-ЬЕ, доп.
260 ## - PUBLICATION, DISTRIBUTION, ETC.
Place of publication, distribution, etc. Москва
260 ## - PUBLICATION, DISTRIBUTION, ETC.
Date of publication, distribution, etc. 1965
300 ## - PHYSICAL DESCRIPTION
Extent 575 с. 20 см.
653 ## - INDEX TERM--UNCONTROLLED
Uncontrolled term Высшая математика для начинающих и ее приложения к физике.
942 ## - ADDED ENTRY ELEMENTS (KOHA)
Koha item type წიგნი
ეგზემპლარები
Withdrawn status Lost status Damaged status Not for loan Date acquired Barcode Date last seen Price effective from Koha item type
        2018-12-17 16468 2018-12-17 2018-12-17 წიგნი
        2018-12-17 16486 2018-12-17 2018-12-17 წიგნი